书目信息 |
| 题名: |
土门
|
|
| 作者: | 贾平凹 著 ;穆涛评点 | |
| 分册: | ||
| 出版信息: | 武汉 长江文艺出版社 1999.11 |
|
| 页数: | 243页 | |
| 开本: | 19cm | |
| 丛书名: | ||
| 单 册: | ||
| 中图分类: | I207.425 | |
| 科图分类: | ||
| 主题词: | 文学--中国 | |
| 电子资源: | ||
| ISBN: | 7-5354-1943-7 | |
| 000 | 00614nam0 2200217 45 | |
| 001 | 0328751738 | |
| 005 | 2003032107591173 | |
| 010 | @a7-5354-1943-7@b压膜@dCNY 12.00 | |
| 100 | @a20030321d1999 km y0chiy0120 ea | |
| 101 | 0 | @achi |
| 102 | @aCN@b420000 | |
| 200 | 1 | @a土门@Atu men@f贾平凹著;穆涛评点@Fjia ping ao zhu;mu tao ping dian |
| 205 | @a评点本 | |
| 210 | @a武汉@c长江文艺出版社@d1999.11 | |
| 215 | @a243页@d19cm | |
| 606 | 0 | @a文学@x中国 |
| 690 | @aI207.425@v3 | |
| 701 | 0 | @a贾平凹@Ajia ping ao@4著 |
| 702 | 0 | @a穆涛评点@Amu tao ping dian |
| 801 | 0 | @aCN@bPFT@c20030321 |
| 905 | @a10447@dI207.425@eJ243 | |
| 土门/贾平凹著;穆涛评点.-评点本.-武汉:长江文艺出版社,1999.11 |
| 243页;19cm |
| ISBN 7-5354-1943-7(压膜):CNY 12.00 |
| ● |
| 相关链接 |
|
|
|
正题名:土门
索取号:I207.425/J243
 
预约/预借
| 序号 | 登录号 | 条形码 | 馆藏地/架位号 | 状态 | 备注 |
| 1 | 120765 | 201207657 | 文学库108/108文学库 10排3列2层/ [索取号:I207.425/J243] | 在馆 | |
| 2 | 120766 | 201207666 | 社科二线400B/400B社科库 11排3列5层/ [索取号:I207.425/J243] | 在馆 | |
| 3 | 120767 | 201207675 | 文学库108/ [索取号:I207.425/J243] | 在馆 | |
| 4 | 120768 | 201207684 | 文学库108/108文学库 10排3列2层/ [索取号:I207.425/J243] | 在馆 | |
| 5 | 120769 | 201207693 | 文学库108/ [索取号:I207.425/J243] | 在馆 |